Blahoslavení rodičia Luigi a Mária Beltrame Quattrocchi očami detí

Bibliographic Details
Main Author: Moia, Luciano (Author)
Other Authors: Pivarčiová, Mária (Translator), Tibenská, Gabriela (Translator)
Format: Book
Language:Slovak
Italian
PhysicalDescription:77 strán 21 cm
Published: Bratislava Don Bosco 2001
ISBN:8085405717
Subjects:

MARC

LEADER 00000cam a2200000 a 4500
001 vtls001440217
003 SK-MaSNL
005 20260301121139.0
008 210906s2001 xo g h 00000bslo
015 |a SNBA2003/01-00122 
020 |a 8085405717  |q (brožované) 
035 |a SNK000395384 
035 |a urn:nbn:sk:snk-am3it6f 
035 |a B302BE14-9A8D-4E2E-B3FA-D69D49FD22F6 
035 |a urn:nbn:sk:snk-am00fgzo 
040 |a SNK  |b slo  |c SNK  |e AACR2 
041 1 |a slo  |h ita 
044 |a xo  |c SK 
080 |a 27-36-055.1  |2 2011 
080 |a 929(092)  |2 2011 
080 |a 27-4  |2 2011 
100 1 |a Moia, Luciano  |4 aut  |9 464825 
240 1 0 |a Beati Genitori  |l Slovensky 
245 1 0 |a Blahoslavení rodičia  |b Luigi a Mária Beltrame Quattrocchi očami detí  |c Luciano Moia ; preklad Mária Pivarčiová, Gabriela Tibenská 
260 |a Bratislava  |b Don Bosco  |c 2001 
300 |a 77 strán  |c 21 cm 
500 |a Preložené z taliančiny 
600 1 7 |a Beltrame Quattrocchi, Luigi,  |c blahoslavený,  |d 1880-1951  |2 SNKMA  |9 464826 
600 1 7 |a Beltrame Quattrocchi, Mária  |c blahoslavená,  |d 1884-1965  |2 SNKMA  |9 464827 
650 0 7 |a blahoslavení  |2 SNKPH  |9 114735 
650 0 7 |a kresťanský život  |2 SNKPH  |9 1808 
655 7 |a biografie  |2 SNKPH  |9 27965 
700 1 |a Pivarčiová, Mária  |4 trl  |9 449486 
700 1 |a Tibenská, Gabriela  |4 trl  |9 291837 
919 |a 85-85405-71-7 
958 |a TL 
958 |a BC 
958 |a OP 
958 |a NS 
958 |a NT 
958 |a OND 
968 |b IT 
999 |c 728367  |d 730297 
952 |t P60, <03>, [BOOK], {603}  |a SNK  |b SNK  |y PREZ  |7 0  |p 17A0356249  |o snkSC 109160  |i snkKSP 10956/2002  |0 0  |1 0  |4 0  |d 2002-09-09  |f 1  |l 0  |r 2025-09-30 00:00:00  |w 2026-02-23 
952 |t P60, <04>, [BOOK], {604}  |a SNK  |b SNK  |y VYP  |7 0  |p 17A0356250  |o snkSC 109160 D1  |i snkKSP 10957/2002  |0 0  |1 0  |4 0  |d 2002-09-09  |l 0  |r 2005-01-02 00:00:00  |w 2026-02-23